000
00417nam a2200133Ia 4500
008
100328s9999 xx 000 0 und d
082
_b
71308
100
_a
कदम माधव
245
_a
सिंधुदुर्ग दर्शन
260
_b
सोनाली.
630
_a
सिंधुदुर्ग दर्शन
730
_a
सिंधुदुर्ग दर्शन
942
_c
BOOK
999
_c
557032
_d
557029